000 00553nam a2200217Ia 4500
003 OSt
005 20221007082555.0
006 a|||||r|||| 00| 0
007 ta
008 221006b |||||||| |||| 00| 0 eng d
024 _a21,193
037 _cTextual
040 _aFLL
_cFLL
_beng
041 _2eng
_aeng
082 _aD854:Z2, N7.1
100 _aDiwan Paras
245 0 _aEnvironment administration law and judicial attitude
260 _c1997
942 _hD854:Z2, N7.1
_cTEXL
_2CC
999 _c1166917
_d1166917